Международные стандарты учета и финансовой отчетности / ДО 2021 (38.03.01): электронный курс
| Autor principal: | |
|---|---|
| Autor Corporativo: | |
| Resumo: | Заглавие с экрана Дисциплина «Международные стандарты учета и финансовой отчетности» относится к базовой части модуля общепрофессиональных дисциплин. Курс предназначен для обучения бакалавров старших курсов. Основной целью курса является изучение принципов подготовки и составления финансовой отчетности, измерения элементов финансовой отчетности, а также элементов финансовой отчетности, требований и условий составления финансовой отчетности. В курсе раскрываются вопросы, посвященные составлению отчетного бухгалтерского баланса, требованиям и условиям составления финансовой отчетности согласно МСФО Интерактивный мультимедиа ресурс AM_Login_TPU |
| Idioma: | russo |
| Publicado em: |
Томск, TPU Moodle, 2025
|
| Assuntos: | |
| Acesso em linha: | https://design.lms.tpu.ru/course/view.php?id=5176 |
| Formato: | Recurso Electrónico Livro |
| KOHA link: | https://koha.lib.tpu.ru/cgi-bin/koha/opac-detail.pl?biblionumber=679922 |
MARC
| LEADER | 00000nlm0a2200000 4500 | ||
|---|---|---|---|
| 001 | 679922 | ||
| 005 | 20250425094213.0 | ||
| 090 | |a 679922 | ||
| 100 | |a 20250424d2025 m||y0rusy50 ca | ||
| 101 | 0 | |a rus | |
| 102 | |a RU | ||
| 105 | |a a j 000yy | ||
| 135 | |a jrcn ---uucaa | ||
| 181 | 0 | |a i |b e | |
| 182 | 0 | |a b | |
| 183 | 0 | |a cr |2 RDAcarrier | |
| 200 | 1 | |a Международные стандарты учета и финансовой отчетности / ДО 2021 (38.03.01) |e электронный курс |f О. В. Андриенко |g Национальный исследовательский Томский политехнический университет, Бизнес-школа | |
| 203 | |a Текст |c электронный |b визуальный | ||
| 210 | |a Томск |c TPU Moodle |d 2025 | ||
| 283 | |a online_resource |2 RDAcarrier | ||
| 300 | |a Заглавие с экрана | ||
| 330 | |a Дисциплина «Международные стандарты учета и финансовой отчетности» относится к базовой части модуля общепрофессиональных дисциплин. Курс предназначен для обучения бакалавров старших курсов. Основной целью курса является изучение принципов подготовки и составления финансовой отчетности, измерения элементов финансовой отчетности, а также элементов финансовой отчетности, требований и условий составления финансовой отчетности. В курсе раскрываются вопросы, посвященные составлению отчетного бухгалтерского баланса, требованиям и условиям составления финансовой отчетности согласно МСФО | ||
| 336 | |a Интерактивный мультимедиа ресурс | ||
| 371 | 0 | |a AM_Login_TPU | |
| 606 | |a Бухгалтерский учет |9 53805 | ||
| 606 | |a Финансовая отчетность |9 83288 | ||
| 610 | 1 | |a электронный ресурс | |
| 610 | 1 | |a труды учёных ТПУ | |
| 610 | 1 | |a электронное обучение | |
| 610 | 1 | |a кампусные онлайн-курсы | |
| 610 | 1 | |a дистанционное образование | |
| 610 | 1 | |a дистанционное обучение | |
| 610 | 1 | |a e-learning | |
| 610 | 1 | |a Moodle | |
| 610 | 1 | |a активы | |
| 610 | 1 | |a обязательства | |
| 610 | 1 | |a финансовая отчетность | |
| 675 | |a 657.22(075.8) |v 4 | ||
| 675 | |a 657.6(075.8) |v 4 | ||
| 700 | 1 | |a Андриенко |b О. В. |c экономист |c доцент Томского политехнического университета, кандидат экономических наук |f 1979- |g Олег Владимирович |9 14091 | |
| 712 | 2 | |a Национальный исследовательский Томский политехнический университет |c (2009- ) |4 570 |9 26305 |b Бизнес-школа | |
| 801 | 0 | |a RU |b 63413507 |c 20250424 |g RCR | |
| 850 | |a 63413507 | ||
| 856 | 4 | |u https://design.lms.tpu.ru/course/view.php?id=5176 |z https://design.lms.tpu.ru/course/view.php?id=5176 | |
| 942 | |c CF | ||